Contemporary Japanese economy and economic policy
সংরক্ষণ করুন:
| প্রধান লেখক: | |
|---|---|
| বিন্যাস: | গ্রন্থ |
| ভাষা: | Undetermined |
| প্রকাশিত: |
Ann Arbor
University of Michigan Press
1991
|
| ট্যাগগুলো: |
ট্যাগ যুক্ত করুন
কোনো ট্যাগ নেই, প্রথমজন হিসাবে ট্যাগ করুন!
|
| Thư viện lưu trữ: | Trung tâm Học liệu Trường Đại học Cần Thơ |
|---|
| LEADER | 00475nam a2200169Ia 4500 | ||
|---|---|---|---|
| 001 | CTU_96381 | ||
| 008 | 210402s9999 xx 000 0 und d | ||
| 082 | |a 338.952009 | ||
| 082 | |b T136 | ||
| 100 | |a Heizo, Takenaka | ||
| 245 | 0 | |a Contemporary Japanese economy and economic policy | |
| 245 | 0 | |c Heizo Takenaka | |
| 260 | |a Ann Arbor | ||
| 260 | |b University of Michigan Press | ||
| 260 | |c 1991 | ||
| 904 | |i Năm | ||
| 980 | |a Trung tâm Học liệu Trường Đại học Cần Thơ | ||